• 首页
  • 本馆介绍
  • 公告通知
  • 最新文献
  • 馆藏检索
  • 电子资源
  • 读者导购
  • 参考咨询
  • 我的图书馆
  • 登录
  • 详细信息显示
  • 放入我的书架
  • 预约/预借图书
  • 作者相关作品
  • 分类相关作品
  • 丛书相关作品
  • 出版社相关作品

书目信息

  • 表格格式
  • 工作单格式
  • 卡片格式
题名:
中国中小企业信用评级研究与探索
    
 
作者: 原旭霖 著
分册:  
出版信息: 北京   中国金融出版社  2016.7
页数: 187页
开本: 24cm
丛书名:
单 册:
中图分类: F832.4
科图分类:
主题词: 中小企业--zhong xiao qi ye--信用评级--研究--中国
电子资源:
ISBN: 978-7-5049-8554-5
000 01061nam0 2200265 450
001 2159486559
005 20211012170906.81
010    @a978-7-5049-8554-5@dCNY36.00
100    @a20181129d2016 em y0chiy50 ea
101 0  @achi
102    @aCN@b110000
105    @aa z 000yy
106    @ar
200 1  @a中国中小企业信用评级研究与探索@Azhong guo zhong xiao qi ye xin yong ping ji yan jiu yu tan suo@f原旭霖著
205    @a2版
210    @a北京@c中国金融出版社@d2016.7
215    @a187页@c彩照@d24cm
312    @a封面英文题名:Chinese credit rating of small and medium-sized enterprise research and exploration
330    @a本书分析了中小企业信用风险评价体系,剖析了中国的金融体制对中小企业融资的影响,就中小企业融资政策提出了一整套的政策建议。
510 1  @aChinese credit rating of small and medium-sized enterprise research and exploration@zeng
606 0  @a中小企业@Azhong xiao qi ye@x信用评级@x研究@y中国
690    @aF832.4@v5
701  0 @a原旭霖@Ayuan xu lin@4著
801  0 @aCN@b百万庄@c20211007
905    @b1307269-272@dF832.4@e212=2@f4
    
    中国中小企业信用评级研究与探索/原旭霖著.-2版.-北京:中国金融出版社,2016.7
    187页:彩照;24cm
    
    
    ISBN 978-7-5049-8554-5:CNY36.00
    本书分析了中小企业信用风险评价体系,剖析了中国的金融体制对中小企业融资的影响,就中小企业融资政策提出了一整套的政策建议。
●
相关链接 在E读中查询图书 在五车中查询图书 在当当中查询图书 在豆瓣中查询图书


正题名:中国中小企业信用评级研究与探索     索取号:F832.4/212=2         预约/预借

序号 登录号 条形码 馆藏地/架位号 状态 备注
1 1307269   213072690   第一样本阅览室/ [索取号:F832.4/212=2] 在馆    
2 1307270   213072707   第一借阅区/ [索取号:F832.4/212=2] 在馆    
3 1307271   213072716   第一借阅区/ [索取号:F832.4/212=2] 在馆    
4 1307272   213072725   第一借阅区/ [索取号:F832.4/212=2] 在馆    
欢迎您!
大连网信软件有限公司© 版权所有